| 000 | 00562nam a2200205 a 4500 | ||
|---|---|---|---|
| 005 | 20140310183520.0 | ||
| 008 | 110815s19uu xx 00 eng d | ||
| 020 | _a978071078917 | ||
| 050 |
_aGT 3405 _b.M478 2010 |
||
| 100 | _aMcCartney, Glenn | ||
| 245 |
_aEvent management / _ban Asian perspective. |
||
| 260 |
_aNew York : _bMcGrwa-Hill, _c2010. |
||
| 300 |
_a447 p. : _bill. ; _c26 cm. |
||
| 521 | _aTOU | ||
| 650 | _aSpecial events- Planning. | ||
| 650 | _aSpecial events-Management. | ||
| 942 |
_cBK _2lcc _kFOR |
||
| 999 |
_c24386 _d24386 |
||